000 01647nam a2200217Ia 4500
999 _c35324
_d35324
003 OSt
005 20210702112222.0
008 160316s2013 xxu||||| |||| 00| 0 eng d
020 _a9789350713204
040 _cn
082 _a345.040000
_bDES
100 _aDeswal Vageshwari
245 _aCriminal law : Criminal liability and other concepts of law substantive criminal law, Law of crimes-I / Criminal law-I / IPC-I
260 _aNew Delhi
_bTaxmann Allied Services (P) Ltd.
_c2013
300 _a290p
365 _bRs. 225
505 _aContents: Part - A: Understanding Criminal Liability; CHAPTER 1 : INTRODUCTION TO SUBSTANTIVE CRIMINAL LAW 3; CHAPTER 2 : ELEMENTS OF CRIMINAL LIABILITY 18; CHAPTER 3 : GROUP LIABILITY 46; CHAPTER 4 : PUNISHMENTS 74; PART - B : GENERAL EXCEPTIONS TO CRIMINAL LIABILITY; CHAPTER 5 : GENERAL EXCEPTIONS 101; CHAPTER 6 : MISTAKE OF FACT AND MISTAKE OF LAW 108; CHAPTER 7 : JUDICIAL ACTS (SECTIONS 77 & 78) 119; CHAPTER 8 : ACCIDENT (SECTION 80) 127; CHAPTER 9 : NECESSITY (SECTION 81) 134; CHAPTER 10 : IMMATURITY OF AGE AND UNDERSTANDING (SECTIONS 82 & 83) 141; CHAPTER 11 : UNSOUNDNESS OF MIND (SECTION 84) 146; CHAPTER 12 : INTOXICATION 161; CHAPTER 13 : CONSENT (SECTIONS 87-92) 169; CHAPTER 14 : BONA FIDE COMMUNICATIONS 180; CHAPTER 15 : INVOLUNTARY ACTS 183; CHAPTER 16 : PRIVATE DEFENCE 189; PART - C : INCHOATE CRIMES; CHAPTER 17 : ABETMENT (SECTIONS 107-120) 217; CHAPTER 18 : CRIMINAL CONSPIRACY 239; CHAPTER 19 : ATTEMPTS 25; LIST OF CASES 281; LIST OF LATIN MAXIMS
650 _a1. Criminal Law - Philosophy2. Criminal Liability
700 _a
_a
942 _2ddc
_cBK